Statistics for UK Citizenship Test

Click here to take the quiz!

General Stats

  • This quiz has been taken 4,867 times
  • The average score is 13 of 20

Answer Stats

HintAnswer% Correct
The United Kingdom is made up of England, Wales, Scotland and which other nation?Northern Ireland
98%
What kind of bird do people usually eat on Christmas Day?Turkey
94%
The First World War ended on the eleventh hour, of the eleventh day, of the eleventh month in what year?1918
88%
It is an offence not to have an MOT certificate if your vehicle is more than how many year old?3
86%
What kind of race is The Grand National?A Horse Race
85%
What is the name of the popular UK Tennis tournament played in South London?Wimbledon
84%
Which landmark is a prehistoric monument which still stands in the English county of Wiltshire?Stonehenge
82%
King Henry VIII's daughter Mary was a devout Catholic and persecuted Protestants, which is why she became known as...Bloody Mary
80%
James I and his son Charles I believed in the 'Divine Right of Kings', the idea that the king was directly appointed to rule by who?God
78%
What is the 40 day period before Easter known as?Lent
78%
What is the name of the admiral who died in a sea battle in 1805 and has a monument in Trafalgar Square, London?Nelson
76%
How many members does a jury have in Scotland?15
75%
The UK is one of five permanent members of the Security Council of which intergovernmental organisation?The United Nations
73%
What is the longest river in the UK?Severn
56%
Who is the Patron Saint of Wales?St David
55%
Which King was killed at The Battle of Bosworth Field in 1485 marking the end of The War of the Roses?Richard III
44%
If an MP resigns or dies what is the term used to describe the election that takes place in their constituency to elect an new MP?By-election
42%
Which government department is responsible for tax collection?HM Revenue and Customs
37%
Maiden Castle is found in which English county?Dorset
12%
How many parliamentary constituencies are in England533
7%

Score Distribution

Percentile by Number Answered

Percent of People with Each Score

Your Score History

You have not taken this quiz